书目信息 |
| 题名: |
“双轨制”教师培训模式探究
|
|
| 作者: | 冀文秀 主编 | |
| 分册: | ||
| 出版信息: | 呼和浩特 内蒙古教育出版社 2002 |
|
| 页数: | 272页 | |
| 开本: | 20cm | |
| 丛书名: | ||
| 单 册: | ||
| 中图分类: | G75 | |
| 科图分类: | ||
| 主题词: | 教育--类型 | |
| 电子资源: | ||
| ISBN: | 7-5311-4756-4 | |
| 000 | 00585nam0 2200193 450 | |
| 001 | 0729791812 | |
| 005 | 20070729101415.95 | |
| 010 | @a7-5311-4756-4@dCNY15.00 | |
| 100 | @a20070726d2002 km y0chiy0120 ea | |
| 101 | 0 | @achi |
| 102 | @aCN@b150000 | |
| 200 | 1 | @a“双轨制”教师培训模式探究@A“shuang gui zhi”jiao shi pei xun mo shi tan jiu@f冀文秀等主编@Fji wen xiu deng zhu bian |
| 210 | @a呼和浩特@c内蒙古教育出版社@d2002 | |
| 215 | @a272页@d20cm | |
| 606 | 0 | @a教育@x类型 |
| 690 | @aG75@v3 | |
| 701 | 0 | @a冀文秀@Aji wen xiu@4主编 |
| 801 | 0 | @aCN@bPFT@c20070729 |
| 905 | @a10447@dG75@e3 | |
| “双轨制”教师培训模式探究/冀文秀等主编.-呼和浩特:内蒙古教育出版社,2002 |
| 272页;20cm |
| ISBN 7-5311-4756-4:CNY15.00 |
| ● |
| 相关链接 |
|
|
|
|
正题名:"双轨制"教师培训模式探究
索取号:G75/3
 
预约/预借
| 序号 | 登录号 | 条形码 | 馆藏地/架位号 | 状态 | 备注 |
| 1 | 0784298 | 207842986 | 第一样本阅览室/ [索取号:G75/3] | 在馆 |